[Event "2 Bundesliga Ost 2007/2008"]
[Site "20 2110Bruck,3011 212Bade"]
[Date "2008.01.26"]
[Round "6"]
[Board "2"]
[White "Steiner, Bruno"]
[Black "Miniboeck, Guenter"]
[Result "0-1"]
[WhiteElo "2247"]
[BlackElo "2355"]
[PlyCount "46"]
[EventDate "2007.10.20"]
[EventType "team"]
[EventRounds "11"]
[EventCountry "AUT"]
[WhiteTeam "1 Wr NeustAedter SV"]
[BlackTeam "SK Advisory Invest Baden"]

1.d4 Nf6 2.Bg5 Ne4 3.Bf4 c5 4.d5 Qb6 5.Nd2 Qxb2 6.Nxe4 Qb4+ 7.Qd2 Qxe4 8.Nf3 d6
9.e3 Qb4 10.c3 Qa5 11.Rb1 g6 12.Bb5+ Bd7 13.Bxd7+ Nxd7 14.O-O Nb6 15.e4 Bg7
16.Rfc1 Nc4 17.Qe2 b5 18.Rb3 O-O 19.Nd2 Qxa2 20.Qd1 Nxd2 21.Bxd2 Qa4 22.Rcb1
Qxe4 23.Rxb5 Qxd5

[Event "2 Bundesliga Ost 2007/2008"]
[Site "20 2110Bruck,3011 212Bade"]
[Date "2008.01.26"]
[Round "6"]
[Board "3"]
[White "Schneider Zinner, Harald"]
[Black "Posch, Werner"]
[Result "1/2-1/2"]
[WhiteElo "2330"]
[BlackElo "2207"]
[PlyCount "78"]
[EventDate "2007.10.20"]
[EventType "team"]
[EventRounds "11"]
[EventCountry "AUT"]
[WhiteTeam "SK Advisory Invest Baden"]
[BlackTeam "1 Wr NeustAedter SV"]

1.Nf3 Nf6 2.d4 e6 3.c4 Nc6 4.Nc3 Bb4 5.Qc2 O-O 6.Bd2 d5 7.e3 Re8 8.a3 Bf8 9.Bd3
h6 10.O-O a6 11.b4 g6 12.Rad1 Bg7 13.Bc1 Ne7 14.Ne5 Nd7 15.f4 c6 16.c5 f5 17.Bd2
Nxe5 18.fxe5 g5 19.Na4 Rf8 20.Nb6 Ra7 21.a4 Bd7 22.Nxd7 Qxd7 23.Ra1 g4 24.b5
axb5 25.axb5 Raa8 26.Qb2 cxb5 27.Rxa8 Rxa8 28.Bxb5 Nc6 29.Be1 Qc7 30.Bh4 Nxe5
31.Bg3 Qe7 32.dxe5 Qxc5 33.Bd7 Kf7 34.Rc1 Qxe3+ 35.Bf2 Bxe5 36.Qc2 Qxc1+ 37.Qxc1
Ra1 38.Qxa1 Bxa1 39.Bb6 Kf6

[Event "2 Bundesliga Ost 2007/2008"]
[Site "20 2110Bruck,3011 212Bade"]
[Date "2008.01.26"]
[Round "6"]
[Board "4"]
[White "Todor, Razvan"]
[Black "Herndlbauer, Martin"]
[Result "1-0"]
[WhiteElo "2198"]
[BlackElo "2134"]
[PlyCount "69"]
[EventDate "2007.10.20"]
[EventType "team"]
[EventRounds "11"]
[EventCountry "AUT"]
[WhiteTeam "1 Wr NeustAedter SV"]
[BlackTeam "SK Advisory Invest Baden"]

1.d4 d5 2.Nf3 Nf6 3.c4 c6 4.cxd5 cxd5 5.Nc3 Nc6 6.Bf4 Bf5 7.e3 e6 8.Qb3 Bb4
9.Ne5 Qa5 10.Nxc6 bxc6 11.a3 c5 12.dxc5 Bxc3+ 13.bxc3 Ne4 14.Bb5+ Ke7 15.Qb4
Qxb4 16.cxb4 a5 17.f3 Nc3 18.Bc6 axb4 19.Bxa8 Rxa8 20.Kd2 Nb1+ 21.Raxb1 Bxb1
22.Rxb1 bxa3 23.Ra1 f6 24.Bd6+ Kd7 25.Ra2 Kc6 26.Kc3 e5 27.Kb3 d4 28.exd4 exd4
29.Rxa3 Re8 30.Kc4 Re2 31.Ra6+ Kd7 32.Ra7+ Kd8 33.c6 Rc2+ 34.Kd5 Ke8 35.Re7+

[Event "2 Bundesliga Ost 2007/2008"]
[Site "20 2110Bruck,3011 212Bade"]
[Date "2008.01.26"]
[Round "6"]
[Board "5"]
[White "Perndl, Johann"]
[Black "Wiedner, Robert"]
[Result "1/2-1/2"]
[WhiteElo "2050"]
[BlackElo "2197"]
[PlyCount "107"]
[EventDate "2007.10.20"]
[EventType "team"]
[EventRounds "11"]
[EventCountry "AUT"]
[WhiteTeam "SK Advisory Invest Baden"]
[BlackTeam "1 Wr NeustAedter SV"]

1.e4 c5 2.c3 Qa5 3.Nf3 Nc6 4.Na3 Nf6 5.e5 Nd5 6.Bc4 Nb6 7.Bb3 c4 8.Nxc4 Nxc4
9.Bxc4 Nxe5 10.Nxe5 Qxe5+ 11.Be2 d5 12.d4 Qc7 13.O-O e6 14.f4 Bd6 15.Bb5+ Bd7
16.Qa4 g6 17.Bd2 Bxb5 18.Qxb5+ Qc6 19.Qxc6+ bxc6 20.b4 h5 21.a4 a6 22.a5 Kd7
23.Rae1 Rae8 24.Rf3 Be7 25.Re2 Bf6 26.Rh3 Re7 27.Be1 Bg7 28.Bh4 f6 29.Rg3 Rh6
30.Rge3 Bh8 31.h3 Re8 32.Bg3 Rh7 33.Bh2 Rhe7 34.Rg3 Rg8 35.Rge3 Bg7 36.Rf3 Ree8
37.Kf1 Bh8 38.Rfe3 g5 39.Rf3 gxf4 40.Rxf4 Rg5 41.Rf3 Re7 42.Bg3 Rgg7 43.Bh4 Rg6
44.Ref2 Rf7 45.Kg1 Bg7 46.Kh1 Rf8 47.Rf1 Ke7 48.Re3 Re8 49.Ref3 Kf7 50.Re1 Kg8
51.Ref1 Rf8 52.Bg3 Bh6 53.Bd6 Rf7 54.Re1

[Event "2 Bundesliga Ost 2007/2008"]
[Site "20 2110Bruck,3011 212Bade"]
[Date "2008.01.26"]
[Round "6"]
[Board "1"]
[White "Varga, Zoltan"]
[Black "Beckhuis, Gernod"]
[Result "1-0"]
[WhiteElo "2506"]
[BlackElo "2350"]
[PlyCount "90"]
[EventDate "2007.10.20"]
[EventType "team"]
[EventRounds "11"]
[EventCountry "AUT"]
[WhiteTeam "ASVOe SK Lackenbach"]
[BlackTeam "Austria Wien"]

1.e4 e5 2.Nf3 Nc6 3.d4 exd4 4.Nxd4 Bc5 5.Nxc6 Qf6 6.Qf3 bxc6 7.Nd2 Rb8 8.Bd3
Qxf3 9.Nxf3 Nf6 10.e5 Ng4 11.O-O d6 12.exd6 cxd6 13.a3 a5 14.b4 axb4 15.axb4
Rxb4 16.h3 Nxf2 17.Rxf2 O-O 18.Bd2 Rb6 19.Kf1 Bxf2 20.Kxf2 Be6 21.Ra7 c5 22.Ng5
h6 23.Nxe6 fxe6+ 24.Kg3 Rfb8 25.Re7 d5 26.Bg6 e5 27.Bf5 e4 28.Be6+ Rxe6 29.Rxe6
Rb2 30.Re5 Rxc2 31.Rxd5 c4 32.Rd4 c3 33.Bf4 Re2 34.Rc4 c2 35.h4 Kf7 36.Rc6 g5
37.hxg5 hxg5 38.Bxg5 e3 39.Bf4 Ke7 40.Rc4 Ke6 41.Rc5 Kf6 42.Kh3 Ke6 43.g3 Re1
44.Rxc2 Kd5 45.Kg4 Ke4

[Event "2 Bundesliga Ost 2007/2008"]
[Site "20 2110Bruck,3011 212Bade"]
[Date "2008.01.26"]
[Round "6"]
[Board "2"]
[White "Hangweyrer, Manfred"]
[Black "Hagara, Eduard"]
[Result "0-1"]
[WhiteElo "2382"]
[BlackElo "2372"]
[PlyCount "104"]
[EventDate "2007.10.20"]
[EventType "team"]
[EventRounds "11"]
[EventCountry "AUT"]
[WhiteTeam "Austria Wien"]
[BlackTeam "ASVOe SK Lackenbach"]

1.Nf3 Nf6 2.d4 g6 3.Bg5 Bg7 4.c3 d5 5.Nbd2 O-O 6.e3 c5 7.Bd3 b6 8.O-O Ba6 9.Bxa6
Nxa6 10.Qa4 Nc7 11.b4 Qd6 12.Bf4 Qd8 13.h3 cxd4 14.cxd4 Ne6 15.Bh2 Qd7 16.Qb3
Rfc8 17.Ne5 Qb7 18.b5 Nd8 19.a4 a6 20.Nd3 Ne8 21.Rfb1 e6 22.a5 Bf8 23.axb6 a5
24.Nc5 Bxc5 25.dxc5 Rxc5 26.Be5 Rcc8 27.e4 dxe4 28.Qe3 Qd5 29.Bb2 f5 30.Nf1 e5
31.Qg5 Nf7 32.Ne3 Qe6 33.Qh4 Rcb8 34.Rc1 Qxb6 35.Nd5 Qxb5 36.Ne7+ Kg7 37.Ba3 Ra6
38.Rc3 Qd7 39.Rac1 Rab6 40.Nc6 Ra8 41.Rc5 Qe6 42.Nxa5 Ned6 43.Qg3 f4 44.Qh4 h5
45.Rc6 Rxc6 46.Rxc6 Qd7 47.Bxd6 Rxa5 48.Bxe5+ Rxe5 49.Qf6+ Kf8 50.Qxg6 e3
51.fxe3 fxe3 52.Rf6 e2

[Event "2 Bundesliga Ost 2007/2008"]
[Site "20 2110Bruck,3011 212Bade"]
[Date "2008.01.26"]
[Round "6"]
[Board "3"]
[White "Vass, Frantisek"]
[Black "Staudner, Oliver"]
[Result "1-0"]
[WhiteElo "2417"]
[BlackElo "2404"]
[PlyCount "65"]
[EventDate "2007.10.20"]
[EventType "team"]
[EventRounds "11"]
[EventCountry "AUT"]
[WhiteTeam "ASVOe SK Lackenbach"]
[BlackTeam "Austria Wien"]

1.d4 Nf6 2.Bg5 Ne4 3.h4 c5 4.dxc5 Qa5+ 5.Nd2 Nxg5 6.hxg5 g6 7.c3 Qxc5 8.Ngf3 Bg7
9.Ne4 Qc7 10.Qa4 Nc6 11.O-O-O b6 12.g3 Bb7 13.Bh3 O-O-O 14.Rd2 Kb8 15.Rhd1 d6
16.Rc2 d5 17.Ned2 a6 18.Nb3 e6 19.e3 b5 20.Qh4 h6 21.Bg2 Bc8 22.Nfd4 Ne5 23.gxh6
Rxh6 24.Qf4 Rh2 25.Bf1 Rdh8 26.Kb1 f5 27.g4 Nxg4 28.Nc6+ Kb7 29.Nba5+ Kb6 30.Qb4
Bf8 31.Qb3 Bd7 32.c4 Bxc6 33.cxb5

[Event "2 Bundesliga Ost 2007/2008"]
[Site "20 2110Bruck,3011 212Bade"]
[Date "2008.01.26"]
[Round "6"]
[Board "4"]
[White "Plachetka, Jan"]
[Black "Ranits, Franz"]
[Result "1/2-1/2"]
[WhiteElo "2398"]
[BlackElo "2214"]
[PlyCount "56"]
[EventDate "2007.10.20"]
[EventType "team"]
[EventRounds "11"]
[EventCountry "AUT"]
[WhiteTeam "Austria Wien"]
[BlackTeam "ASVOe SK Lackenbach"]

1.d4 Nf6 2.c4 g6 3.Nc3 Bg7 4.e4 d6 5.f3 O-O 6.Nge2 c5 7.Be3 Nc6 8.d5 Ne5 9.Nc1
e6 10.Be2 exd5 11.cxd5 a6 12.a4 Bd7 13.O-O Rb8 14.N1a2 b5 15.axb5 Bxb5 16.Nxb5
axb5 17.b4 Nfd7 18.Rb1 f5 19.exf5 Rxf5 20.bxc5 Nxc5 21.Rxb5 Rxb5 22.Bxb5 Qa5
23.Qe2 Qa3 24.Rd1 Rf8 25.Kh1 Rb8 26.Bg1 Rxb5 27.Qxb5 Qxa2 28.Bxc5 Qc2

[Event "2 Bundesliga Ost 2007/2008"]
[Site "20 2110Bruck,3011 212Bade"]
[Date "2008.01.26"]
[Round "6"]
[Board "5"]
[White "Stranz, Richard"]
[Black "Bukacek, Emil"]
[Result "1/2-1/2"]
[WhiteElo "2226"]
[BlackElo "2201"]
[PlyCount "59"]
[EventDate "2007.10.20"]
[EventType "team"]
[EventRounds "11"]
[EventCountry "AUT"]
[WhiteTeam "ASVOe SK Lackenbach"]
[BlackTeam "Austria Wien"]

1.e4 c5 2.Nc3 Nc6 3.Bb5 d6 4.Bxc6+ bxc6 5.d3 e5 6.Nge2 Nf6 7.O-O Be7 8.b3 O-O
9.Ng3 Ne8 10.Nce2 Nc7 11.Bb2 Ne6 12.f4 Nxf4 13.Nxf4 exf4 14.Rxf4 Bg5 15.Rf1 Be3+
16.Kh1 Bd4 17.Bxd4 cxd4 18.Qh5 Qe7 19.Rf3 Qe5 20.Qh4 h6 21.Nf5 Bxf5 22.Rxf5 Qe6
23.Raf1 f6 24.Qf2 c5 25.Qf3 Rae8 26.h4 Qf7 27.g4 Re5 28.Qg3 Rfe8 29.Kg2 Rxf5
30.Rxf5

[Event "2 Bundesliga Ost 2007/2008"]
[Site "20 2110Bruck,3011 212Bade"]
[Date "2008.01.26"]
[Round "6"]
[Board "1"]
[White "Blatny, Pavel"]
[Black "Papp, Gabor"]
[Result "0-1"]
[WhiteElo "2432"]
[BlackElo "2489"]
[PlyCount "82"]
[EventDate "2007.10.20"]
[EventType "team"]
[EventRounds "11"]
[EventCountry "AUT"]
[WhiteTeam "SK Zwettl"]
[BlackTeam "ASVOe SK Mattersburg"]

1.b3 e5 2.Bb2 Nc6 3.e3 Nf6 4.g3 d5 5.Bg2 Bd6 6.d3 Ne7 7.Nd2 Be6 8.Ne2 Qd7 9.h3
O-O 10.Nf3 Ng6 11.Ng5 Bb4+ 12.c3 Ba5 13.Qc2 c5 14.O-O Rad8 15.Rad1 Rfe8 16.c4 d4
17.e4 Bc7 18.Bc1 Rf8 19.f4 exf4 20.gxf4 Nh5 21.f5 Qd6 22.Nf3 Ne5 23.Nxe5 Qxe5
24.Nf4 g6 25.Rf2 Bc8 26.Nxh5 Qh2+ 27.Kf1 gxh5 28.Qe2 Bg3 29.Qxh5 Bxf2 30.Qg4+
Kh8 31.Bf4 Qg1+ 32.Ke2 Bxf5 33.Be5+ f6 34.exf5 Be1 35.Rxe1 Qe3+ 36.Kf1 Qxd3+
37.Kg1 fxe5 38.Rxe5 Rg8 39.Qh4 Rdf8 40.Rxc5 Rxg2+ 41.Kxg2 Rg8+

[Event "2 Bundesliga Ost 2007/2008"]
[Site "20 2110Bruck,3011 212Bade"]
[Date "2008.01.26"]
[Round "6"]
[Board "2"]
[White "Petrik, Tomas"]
[Black "Vyskocil, Neklan"]
[Result "1/2-1/2"]
[WhiteElo "2489"]
[BlackElo "2308"]
[PlyCount "92"]
[EventDate "2007.10.20"]
[EventType "team"]
[EventRounds "11"]
[EventCountry "AUT"]
[WhiteTeam "ASVOe SK Mattersburg"]
[BlackTeam "SK Zwettl"]

1.e4 c5 2.Nf3 d6 3.d4 cxd4 4.Nxd4 Nf6 5.Nc3 Nc6 6.Bg5 e6 7.Qd2 a6 8.O-O-O Nxd4
9.Qxd4 Be7 10.f4 b5 11.Bxf6 gxf6 12.e5 d5 13.Kb1 Bb7 14.f5 fxe5 15.Qxe5 Bf6
16.Qg3 Qe7 17.fxe6 fxe6 18.Be2 h5 19.a4 h4 20.Qg6+ Qf7 21.Qxf7+ Kxf7 22.axb5 d4
23.bxa6 Bxg2 24.Rhg1 h3 25.Nb5 Rxa6 26.Nxd4 Rd6 27.c3 Rh4 28.Nf3 Rxd1+ 29.Rxd1
Rf4 30.Rd7+ Kg6 31.Bd3+ Kh5 32.Rh7+ Kg4 33.Ng1 Rf2 34.Ka2 Bxc3 35.Be2+ Rxe2
36.Nxe2 Be5 37.Ng3 Bxg3 38.Rg7+ Kf3 39.Rxg3+ Kf2 40.Kb1 e5 41.Kc1 Kg1 42.Rg5
Kxh2 43.Rxe5 Kg1 44.Rh5 h2 45.Kd2 h1=Q 46.Rxh1+ Bxh1

[Event "2 Bundesliga Ost 2007/2008"]
[Site "20 2110Bruck,3011 212Bade"]
[Date "2008.01.26"]
[Round "6"]
[Board "3"]
[White "Holemar, David"]
[Black "Petran, Peter"]
[Result "1-0"]
[WhiteElo "2314"]
[BlackElo "2360"]
[PlyCount "147"]
[EventDate "2007.10.20"]
[EventType "team"]
[EventRounds "11"]
[EventCountry "AUT"]
[WhiteTeam "SK Zwettl"]
[BlackTeam "ASVOe SK Mattersburg"]

1.d4 f5 2.Bg5 g6 3.Nc3 Bg7 4.e4 fxe4 5.Nxe4 d5 6.Ng3 Nc6 7.Nf3 Qd6 8.c3 e5
9.dxe5 Nxe5 10.Nxe5 Qxe5+ 11.Qe2 Qxe2+ 12.Bxe2 Nf6 13.h4 O-O 14.h5 Be6 15.hxg6
hxg6 16.Bh6 Rae8 17.Bxg7 Kxg7 18.Kd2 Rd8 19.f3 c5 20.Bd3 d4 21.c4 b6 22.Rae1
Rde8 23.Re5 Bf7 24.Rg5 Rg8 25.Nf5+ Kf8 26.Nh4 Re3 27.Re1 Rh8 28.Nxg6+ Bxg6
29.Rxg6 Rxe1 30.Kxe1 Kf7 31.Rg5 Rh1+ 32.Kd2 Nd7 33.a3 Kf6 34.Rg6+ Kf7 35.Rg5 Kf6
36.f4 Kf7 37.Bg6+ Kf8 38.Bd3 Nf6 39.b4 Ra1 40.bxc5 Ra2+ 41.Ke1 bxc5 42.Rxc5 Rxg2
43.Rc8+ Ke7 44.Rc7+ Kd6 45.Rxa7 Nh5 46.Ra6+ Ke7 47.Ra7+ Kf6 48.Ra5 Rh2 49.Rd5
Rh4 50.Rd6+ Ke7 51.Rxd4 Nxf4 52.Re4+ Kd6 53.Kd2 Rh2+ 54.Kc3 Ne6 55.Re3 Nc5
56.Bc2 Kc6 57.Rg3 Kb6 58.Rg6+ Kc7 59.Kb4 Rh5 60.Rf6 Kb7 61.Bf5 Na6+ 62.Kb5 Nc7+
63.Kc5 Na6+ 64.Kd4 Rh4+ 65.Be4+ Ka7 66.Rf7+ Kb8 67.Rb7+ Kc8 68.Rh7 Rg4 69.Ke5
Rg5+ 70.Kd6 Kb8 71.Rb7+ Kc8 72.Ra7 Nb8 73.Bd5 Rg1 74.Rh7

[Event "2 Bundesliga Ost 2007/2008"]
[Site "20 2110Bruck,3011 212Bade"]
[Date "2008.01.26"]
[Round "6"]
[Board "4"]
[White "Brod, Manfred"]
[Black "Wagner, Stefan"]
[Result "1/2-1/2"]
[WhiteElo "2198"]
[BlackElo "2103"]
[PlyCount "52"]
[EventDate "2007.10.20"]
[EventType "team"]
[EventRounds "11"]
[EventCountry "AUT"]
[WhiteTeam "ASVOe SK Mattersburg"]
[BlackTeam "SK Zwettl"]

1.e4 e5 2.Nf3 Nc6 3.d4 exd4 4.Nxd4 Nf6 5.Nxc6 bxc6 6.Bd3 d5 7.exd5 cxd5 8.O-O
Be7 9.Nc3 O-O 10.Bg5 c6 11.h3 Bd6 12.Qf3 h6 13.Bf4 Rb8 14.b3 Be6 15.Ne2 c5 16.c3
a5 17.Rab1 Bc8 18.Ng3 Rb6 19.Nf5 Bxf5 20.Bxf5 Bxf4 21.Qxf4 Rd6 22.Rfd1 d4
23.cxd4 cxd4 24.Rd2 Qb6 25.Rbd1 Rfd8 26.Qf3 Qb4

[Event "2 Bundesliga Ost 2007/2008"]
[Site "20 2110Bruck,3011 212Bade"]
[Date "2008.01.26"]
[Round "6"]
[Board "5"]
[White "Vykydal, Frantisek"]
[Black "Riedner, Martin"]
[Result "1-0"]
[WhiteElo "2238"]
[BlackElo "2190"]
[PlyCount "75"]
[EventDate "2007.10.20"]
[EventType "team"]
[EventRounds "11"]
[EventCountry "AUT"]
[WhiteTeam "SK Zwettl"]
[BlackTeam "ASVOe SK Mattersburg"]

1.e4 e6 2.d3 d5 3.Nd2 Nf6 4.Be2 b6 5.Ngf3 Bb7 6.e5 Nfd7 7.d4 c5 8.c3 Nc6 9.O-O
Be7 10.Re1 g5 11.h3 Qc7 12.Nf1 Rg8 13.N3h2 O-O-O 14.Bh5 Rdf8 15.Ng4 f6 16.exf6
Nxf6 17.Nxf6 Rxf6 18.Ne3 g4 19.Nxg4 Rf5 20.Qe2 Rgf8 21.Bh6 e5 22.Bxf8 Bxf8
23.Nxe5 Nxe5 24.dxe5 Kb8 25.Bg4 Rf4 26.g3 Rf7 27.f4 c4 28.Bf3 Bc5+ 29.Kh2 Rg7
30.Qg2 Qf7 31.Rad1 h5 32.Bxd5 Bxd5 33.Qxd5 Qg6 34.Qg2 Qh6 35.Rd8+ Kc7 36.Qa8 b5
37.Qb8+ Kc6 38.Rc8+

[Event "2 Bundesliga Ost 2007/2008"]
[Site "20 2110Bruck,3011 212Bade"]
[Date "2008.01.26"]
[Round "6"]
[Board "6"]
[White "Salamon, Werner"]
[Black "Stadler, Peter"]
[Result "1/2-1/2"]
[WhiteElo "2147"]
[BlackElo "2103"]
[PlyCount "28"]
[EventDate "2007.10.20"]
[EventType "team"]
[EventRounds "11"]
[EventCountry "AUT"]
[WhiteTeam "ASVOe SK Mattersburg"]
[BlackTeam "SK Zwettl"]

1.e4 c5 2.Nf3 e6 3.Nc3 d6 4.d4 cxd4 5.Nxd4 Nf6 6.Be2 a6 7.a4 Be7 8.O-O O-O 9.Be3
Qc7 10.f4 Nc6 11.Kh1 Re8 12.Qe1 Rb8 13.Qg3 Bd7 14.Rad1 Rbd8

[Event "2 Bundesliga Ost 2007/2008"]
[Site "20 2110Bruck,3011 212Bade"]
[Date "2008.01.26"]
[Round "6"]
[Board "1"]
[White "Schlosser, Michael"]
[Black "Polak, Thomas"]
[Result "1/2-1/2"]
[WhiteElo "2328"]
[BlackElo "2540"]
[PlyCount "100"]
[EventDate "2007.10.20"]
[EventType "team"]
[EventRounds "11"]
[EventCountry "AUT"]
[WhiteTeam "Aljechin/Wieden"]
[BlackTeam "SV Stockerau"]

1.e4 c5 2.Nf3 Nc6 3.d4 cxd4 4.Nxd4 g6 5.c4 Nf6 6.Nc3 d6 7.Be2 Nxd4 8.Qxd4 Bg7
9.Be3 O-O 10.Qd2 Be6 11.f3 Qa5 12.Nd5 Qxd2+ 13.Kxd2 Nxd5 14.cxd5 Bd7 15.Rac1
Rfc8 16.b4 Bb2 17.Rc2 Rxc2+ 18.Kxc2 Be5 19.b5 e6 20.dxe6 Bxe6 21.f4 Rc8+ 22.Kb1
Bxa2+ 23.Kxa2 Rc2+ 24.Kb1 Rb2+ 25.Kc1 Rxe2 26.fxe5 Rxe3 27.exd6 Kf8 28.Kc2 Rxe4
29.Ra1 Re2+ 30.Kc3 a6 31.bxa6 bxa6 32.Rxa6 Ke8 33.Ra8+ Kd7 34.Ra7+ Kxd6 35.Rxf7
Rxg2 36.Rxh7 Ke5 37.Kd3 Kf4 38.Rh4+ Kf3 39.Rh8 g5 40.Rf8+ Kg4 41.Rh8 Rf2 42.Ke3
Rf6 43.Rh7 Rf8 44.Rh6 Rf3+ 45.Ke4 Ra3 46.Rh8 Ra1 47.h3+ Kg3 48.Kf5 Ra5+ 49.Kg6
g4 50.hxg4 Kxg4

[Event "2 Bundesliga Ost 2007/2008"]
[Site "20 2110Bruck,3011 212Bade"]
[Date "2008.01.26"]
[Round "6"]
[Board "2"]
[White "Chytilek, Roman"]
[Black "Wirius, Stefan"]
[Result "1-0"]
[WhiteElo "2384"]
[BlackElo "2281"]
[PlyCount "125"]
[EventDate "2007.10.20"]
[EventType "team"]
[EventRounds "11"]
[EventCountry "AUT"]
[WhiteTeam "SV Stockerau"]
[BlackTeam "Aljechin/Wieden"]

1.d4 d5 2.c4 e6 3.Nc3 Nf6 4.cxd5 exd5 5.Bg5 Be7 6.e3 c6 7.Bd3 Nbd7 8.Qc2 O-O
9.Nge2 Re8 10.O-O Nf8 11.f3 Ng6 12.e4 dxe4 13.fxe4 c5 14.Bxf6 Bxf6 15.Nd5 cxd4
16.Nc7 Be6 17.Nxa8 Qxa8 18.Rxf6 gxf6 19.Nxd4 Ne5 20.Be2 Qd8 21.Qc5 Qb6 22.Qxb6
axb6 23.Nxe6 fxe6 24.Rc1 Rd8 25.Rc2 Kf7 26.Kf2 Ke7 27.Ke3 Kd6 28.Rc3 Rg8 29.Kf2
Nc6 30.Rd3+ Ke5 31.Rd7 Rd8 32.Rxd8 Nxd8 33.Ke3 Nc6 34.Bb5 Nd4 35.Bd7 Nc2+ 36.Kd2
Nb4 37.a3 Na6 38.b4 Nc7 39.a4 Kxe4 40.Kc3 Kd5 41.Bc8 Kc6 42.Kc4 e5 43.Bf5 Kd6
44.Bxh7 b5+ 45.axb5 b6 46.Be4 Ke6 47.g4 Kf7 48.h4 Kg7 49.Bc6 Kg6 50.Bd7 Kf7
51.h5 Kg7 52.Bc6 Kh6 53.Kd3 Kg5 54.Ke4 Ne6 55.Kd5 Nd4 56.Kd6 e4 57.Bxe4 Nxb5+
58.Kc6 Nc3 59.Bd3 b5 60.Bxb5 Na2 61.Kc5 Nxb4 62.Kxb4 f5 63.h6

[Event "2 Bundesliga Ost 2007/2008"]
[Site "20 2110Bruck,3011 212Bade"]
[Date "2008.01.26"]
[Round "6"]
[Board "3"]
[White "Vitouch, Anatol"]
[Black "Groetz, Harald"]
[Result "0-1"]
[WhiteElo "2211"]
[BlackElo "2321"]
[PlyCount "70"]
[EventDate "2007.10.20"]
[EventType "team"]
[EventRounds "11"]
[EventCountry "AUT"]
[WhiteTeam "Aljechin/Wieden"]
[BlackTeam "SV Stockerau"]

1.Nf3 g6 2.g3 Bg7 3.d4 Nf6 4.c4 O-O 5.Bg2 d6 6.O-O c6 7.Nc3 Bf5 8.b3 Ne4 9.Bb2
Nxc3 10.Bxc3 Be4 11.Qd2 d5 12.Bh3 Bxf3 13.exf3 e6 14.c5 Nd7 15.f4 Re8 16.Rfe1 b6
17.b4 a5 18.a3 Qf6 19.Rec1 axb4 20.axb4 Rxa1 21.Bxa1 Ra8 22.Qb2 Qd8 23.Qb1 Qb8
24.Bc3 bxc5 25.dxc5 Bxc3 26.Rxc3 Ra4 27.Rb3 Qa7 28.Qe1 Nf6 29.Rb1 Ra2 30.f3 Qa3
31.Bg2 Qd3 32.Ra1 Qc2 33.Qf1 Rb2 34.Rc1 Qd2 35.Rb1 Qxg2+

[Event "2 Bundesliga Ost 2007/2008"]
[Site "20 2110Bruck,3011 212Bade"]
[Date "2008.01.26"]
[Round "6"]
[Board "4"]
[White "Batyte, Daiva"]
[Black "Wirius, Johannes"]
[Result "0-1"]
[WhiteElo "2198"]
[BlackElo "2181"]
[PlyCount "118"]
[EventDate "2007.10.20"]
[EventType "team"]
[EventRounds "11"]
[EventCountry "AUT"]
[WhiteTeam "SV Stockerau"]
[BlackTeam "Aljechin/Wieden"]

1.e4 Nf6 2.e5 Nd5 3.d4 d6 4.c4 Nb6 5.exd6 cxd6 6.Nc3 g6 7.Be3 Bg7 8.Nf3 O-O 9.h3
Nc6 10.Qd2 d5 11.c5 Nc4 12.Bxc4 dxc4 13.O-O Bf5 14.d5 Nb4 15.Bh6 Bd3 16.Bxg7
Kxg7 17.Rfd1 Rc8 18.b3 Kg8 19.bxc4 Bxc4 20.Qd4 b5 21.Rac1 Nxa2 22.Nxa2 Bxa2
23.c6 Qd6 24.Rd2 Bc4 25.Ne5 Bb3 26.Ng4 f6 27.Re1 a5 28.Re6 Qa3 29.Re1 a4 30.Rde2
Rc7 31.Qb6 Qd6 32.Qxb5 Qxd5 33.Qxd5+ Bxd5 34.Rxe7 Rxe7 35.Rxe7 a3 36.c7 Bb7
37.Re3 Ra8 38.Re1 a2 39.Ra1 Kf7 40.Ne3 Ke6 41.Nc4 Ra6 42.Nb2 Kd5 43.Kf1 Kd4
44.Ke2 Kc3 45.Nd1+ Kb3 46.g4 Rc6 47.h4 Rxc7 48.f3 Rc2+ 49.Ke3 Rh2 50.Rc1 Rh3
51.Nc3 Rxf3+ 52.Kd2 Rg3 53.g5 fxg5 54.hxg5 Rxg5 55.Nxa2 Kxa2 56.Rc7 Be4 57.Rxh7
Kb3 58.Rc7 Rg3 59.Re7 Bf5

[Event "2 Bundesliga Ost 2007/2008"]
[Site "20 2110Bruck,3011 212Bade"]
[Date "2008.01.26"]
[Round "6"]
[Board "5"]
[White "Zaynard, Andreas"]
[Black "Schmid, Thomas"]
[Result "1/2-1/2"]
[WhiteElo "2078"]
[BlackElo "2181"]
[PlyCount "69"]
[EventDate "2007.10.20"]
[EventType "team"]
[EventRounds "11"]
[EventCountry "AUT"]
[WhiteTeam "Aljechin/Wieden"]
[BlackTeam "SV Stockerau"]

1.e4 c5 2.d3 d5 3.exd5 Qxd5 4.Nf3 Qd8 5.Nc3 Nf6 6.g3 Nc6 7.Bg2 e6 8.O-O Be7
9.Bf4 O-O 10.Re1 Nd5 11.Nxd5 exd5 12.Ne5 Be6 13.Nxc6 bxc6 14.c4 Bf6 15.Be5 Bxe5
16.Rxe5 Qd6 17.f4 Rab8 18.b3 Rfe8 19.Qe1 g6 20.Qc3 a5 21.cxd5 Bxd5 22.Bxd5 cxd5
23.Qxa5 c4 24.Qc3 cxb3 25.axb3 Qb6+ 26.d4 Qxb3 27.Qxb3 Rxb3 28.Ra5 Rc8 29.Kf2
Rb2+ 30.Re2 Rxe2+ 31.Kxe2 Rc2+ 32.Kf3 Rxh2 33.Rxd5 h5 34.f5 Kg7 35.fxg6

[Event "2 Bundesliga Ost 2007/2008"]
[Site "20 2110Bruck,3011 212Bade"]
[Date "2008.01.26"]
[Round "6"]
[Board "6"]
[White "Amberger, Dieter"]
[Black "Descovich, Nicolai"]
[Result "1-0"]
[WhiteElo "2083"]
[BlackElo "2030"]
[PlyCount "163"]
[EventDate "2007.10.20"]
[EventType "team"]
[EventRounds "11"]
[EventCountry "AUT"]
[WhiteTeam "SV Stockerau"]
[BlackTeam "Aljechin/Wieden"]

1.d4 Nf6 2.c4 g6 3.Nc3 Bg7 4.e4 d6 5.f3 O-O 6.Be3 c5 7.dxc5 dxc5 8.Qxd8 Rxd8
9.Bxc5 Nc6 10.Ba3 a5 11.Rd1 Rxd1+ 12.Kxd1 Nb4 13.Nge2 Nd7 14.Nf4 Ra6 15.Nfd5 Kf8
16.Bxb4 axb4 17.Nxb4 Rd6+ 18.Kc2 Bh6 19.Bd3 Ne5 20.Rd1 Be6 21.b3 g5 22.h3 Ng6
23.Bf1 Rxd1 24.Nxd1 Bg7 25.Ne3 Ke8 26.Nbd5 Kd8 27.b4 h5 28.a4 Bd7 29.Kb3 Bd4
30.Nc2 Be5 31.a5 e6 32.Nde3 Bc7 33.c5 Ne5 34.a6 bxa6 35.Bxa6 f5 36.Nd4 f4
37.Nec2 g4 38.hxg4 hxg4 39.fxg4 Nxg4 40.b5 e5 41.Ne2 Nf2 42.b6 Nxe4 43.bxc7+
Kxc7 44.Kb4 Bc6 45.Ne1 Nxc5 46.Kxc5 Bxg2 47.Nxg2 f3 48.Ne3 fxe2 49.Bxe2 Kd7
50.Kd5 e4 51.Kxe4 Ke6 52.Ng4 Kd6 53.Kd4 Ke6 54.Bd3 Kd6 55.Bf5 Kc6 56.Be6 Kb5
57.Nf2 Kb4 58.Nd3+ Ka3 59.Kc3 Ka4 60.Bf7 Kb5 61.Ne5 Kc5 62.Ng6 Kc6 63.Kc4 Kd6
64.Kb5 Kc7 65.Kc5 Kd7 66.Kd5 Kc7 67.Ne7 Kb6 68.Be8 Kc7 69.Nf5 Kd8 70.Ba4 Kc7
71.Nd6 Kd8 72.Ke6 Kc7 73.Nc4 Kd8 74.Kd6 Kc8 75.Ke7 Kb7 76.Kd7 Ka6 77.Kc6 Ka7
78.Bb5 Kb8 79.Ba6 Ka7 80.Kb5 Kb8 81.Kb6 Ka8 82.Na5

[Event "2 Bundesliga Ost 2007/2008"]
[Site "20 2110Bruck,3011 212Bade"]
[Date "2008.01.26"]
[Round "6"]
[Board "1"]
[White "Pinter, Erik"]
[Black "Kleiser, Gregor"]
[Result "1-0"]
[WhiteElo "2389"]
[BlackElo "2323"]
[PlyCount "83"]
[EventDate "2007.10.20"]
[EventType "team"]
[EventRounds "11"]
[EventCountry "AUT"]
[WhiteTeam "Blackburne Nickelsdorf"]
[BlackTeam "SV Tschaturanga Neubau"]

1.e4 c5 2.Nc3 Nc6 3.Nf3 Nf6 4.d4 cxd4 5.Nxd4 e5 6.Ndb5 d6 7.Bg5 a6 8.Na3 b5
9.Nd5 Be7 10.Bxf6 Bxf6 11.c4 b4 12.Nc2 a5 13.Be2 O-O 14.O-O Bg5 15.Qd3 f5 16.Bf3
f4 17.Rfd1 Be6 18.a3 Rb8 19.axb4 axb4 20.b3 Rf7 21.Ra4 Rfb7 22.Qe2 Qc8 23.h3 Bd8
24.Bg4 Bxg4 25.Qxg4 Qxg4 26.hxg4 Kf7 27.Ra6 Rc8 28.Rda1 Ke6 29.R1a4 Kd7 30.Ndxb4
Nd4 31.Nxd4 exd4 32.Ra7 Rcc7 33.Rxb7 Rxb7 34.Kf1 Bf6 35.Ke2 Ke6 36.Kd3 g6 37.Ke2
h5 38.gxh5 gxh5 39.Nd3 Rg7 40.Nxf4+ Ke5 41.Nxh5 Rxg2 42.Ra5+

[Event "2 Bundesliga Ost 2007/2008"]
[Site "20 2110Bruck,3011 212Bade"]
[Date "2008.01.26"]
[Round "6"]
[Board "2"]
[White "Wukits, Rene"]
[Black "Vlcek, Stanislav"]
[Result "1/2-1/2"]
[WhiteElo "2302"]
[BlackElo "2322"]
[PlyCount "48"]
[EventDate "2007.10.20"]
[EventType "team"]
[EventRounds "11"]
[EventCountry "AUT"]
[WhiteTeam "SV Tschaturanga Neubau"]
[BlackTeam "Blackburne Nickelsdorf"]

1.d4 Nf6 2.c4 g6 3.Nc3 Bg7 4.e4 d6 5.Be2 O-O 6.Nf3 e5 7.d5 a5 8.Nd2 Na6 9.h4 h5
10.Nf3 Nc5 11.Ng5 c6 12.Be3 cxd5 13.cxd5 Bd7 14.f3 a4 15.Qd2 Qa5 16.Nb1 Rfc8
17.Na3 Qd8 18.Nc4 Ne8 19.Qb4 f6 20.Ne6 Bxe6 21.dxe6 b5 22.e7 Qc7 23.Na3 Qxe7
24.O-O f5